| 000 | 00554nam a2200157 a 4500 | ||
|---|---|---|---|
| 008 | 120416s0000 ||||||||||||||||| || u | ||
| 020 | _a0070549427 | ||
| 050 | _aQA 276.12 Ban | ||
| 100 | _aBanks, John A | ||
| 245 | 1 | 0 | _aStudent solutions manual to accompany Sanders' statistics |
| 246 | _aa first course | ||
| 250 | _a5th ed. | ||
| 260 |
_aNew York _bMcGraw-Hill _c1995 |
||
| 350 | _a0.00 | ||
| 995 |
_D0.00 _FCBU-MAIN LIBRARY (Kitwe) _H1 _I10.00 _M1 _UAVAILABLE _ZMain Library Open Access Collection |
||
| 999 |
_c58752 _d58752 |
||